000 nam a22 a 4500
999 _c816
_d816
005 20170505133634.0
008 170505b1982 xxu||||| |||| 00| 0 eng d
020 _a0226702839
020 _a0226702847
040 _aAKMAL
082 _219
_a297.122601 RAH
090 _a297.122601
_bRAH
100 _aRahman, Fazlur.
_91775
245 _aIslam & modernity
_btransformation of an intellectual tradition /
_cFazlur Rahman.
260 _aChicago
_aLondon
_bUniversity of Chicago Press
_c1982.
300 _ccm
650 _aIslamic education.
_91776
650 _aIslam
_xHistory.
_9756
852 _aBritish Library
_bDSC
942 _2ddc
_cBOOK